Statistics for U.S. States with Exactly One Major Pro Sports Team

Click here to take the quiz!

General Stats

  • This quiz has been taken 5,839 times
  • The average score is 3 of 5

Answer Stats

League State % Correct
NBAOregon
75%
NBAUtah
68%
NBAOklahoma
64%
NHLNevada
57%
NHLNew Jersey
36%

Score Distribution

Percentile by Number Answered

Percent of People with Each Score

Your Score History

You have not taken this quiz